| 000 | 01043cam a22002771 4500 | ||
|---|---|---|---|
| 001 | 3888 | ||
| 003 | BD-RjUL | ||
| 005 | 20211208233810.0 | ||
| 008 | 131221s1966 xx 001 0 eng | ||
| 035 | _a(BD-RjUL)3922 | ||
| 035 | _a(OCoLC)349119 | ||
| 040 |
_aDLC _cOClU _dUk _dDLC _dBD-RjUL _beng |
||
| 041 | _aeng | ||
| 082 |
_a338.944 _bHAP 1966 |
||
| 100 | 1 |
_aHayward, Jack Ernest Shalom. _912403 |
|
| 245 | 1 | 0 |
_aPrivate interests and public policy : _bthe experience of the French Economic and Social Council / _cJack Ernest Shalom Hayward |
| 260 |
_aLondon : _bLongmans, _cc1966. |
||
| 300 |
_aviii, 115p. : _btables, diagr. ; _c22cm. |
||
| 490 | 0 | _aMonographs in politics | |
| 504 | _aBibliographical footnotes and index. | ||
| 610 | 1 | 0 |
_aFrance. _bConseil économique et social. _912409 |
| 856 | _uhttp://www.worldcat.org/title/private-interests-and-public-policy-the-experience-of-the-french-economic-and-social-council/oclc/3618094&referer=brief_results | ||
| 942 |
_2ddc _cBK |
||
| 999 |
_c3888 _d3888 |
||